LIBRARY & INFORMATION CENTRE, KCAET, TAVANUR

ONLINE PUBLIC ACCESS CATALOGUE (OPAC)

Sanjayan-Part VI / (Record no. 3784)

MARC details
000 -LEADER
fixed length control field 00475cam a2200193ua 4500
041 ## - LANGUAGE CODE
Language code of text/sound track or separate title mal
082 ## - DEWEY DECIMAL CLASSIFICATION NUMBER
Classification number 894.8127
Item number nai/sa
100 ## - MAIN ENTRY--AUTHOR NAME
Personal name Nair, M R .
245 ## - TITLE STATEMENT
Title Sanjayan-Part VI /
250 ## - EDITION STATEMENT
Edition statement 1 /
260 ## - PUBLICATION, DISTRIBUTION, ETC. (IMPRINT)
Place of publication Calicut :
Name of publisher Mathrubhumi Printing & Publishing Companty Ltd ,
Year of publication 1965.
300 ## - PHYSICAL DESCRIPTION
Number of Pages 304 ; .
942 ## - ADDED ENTRY ELEMENTS (KOHA)
Koha item type Books
Holdings
Withdrawn status Lost status Damaged status Home library Current library Date acquired Full call number Accession Number Koha item type Public note
Withdrawn     KAUAET Malayalam University 07/04/2012 894.8127 8878 Books Transferred to Malayalam University
Withdrawn     KAUAET Malayalam University 07/04/2012 894.8127 8879 Books Transferred to Malayalam University
free website counter